Statistics for States with most Immigrants from Countries

Click here to take the quiz!

General Stats

  • This quiz has been taken 46 times
  • The average score is 22 of 25

Answer Stats

CountryState% Correct
ChinaNew York
100%
South AfricaWashington
100%
PakistanCalifornia
97%
EgyptCalifornia
97%
CaribbeanFlorida
97%
SpainFlorida
97%
AustraliaFlorida
97%
MexicoTexas
97%
IranTexas
97%
NigeriaTexas
97%
IndiaNew Jersey
95%
BrazilNew Jersey
95%
PolandIllinois
92%
NetherlandsMichigan
89%
IndonesiaGeorgia
84%
JapanHawaii
84%
FranceLouisiana
84%
ItalyMassachusetts
84%
ArgentinaArizona
82%
United KingdomVirginia
82%
ThailandColorado
79%
RussiaAlaska
76%
GermanyWisconsin
74%
TurkeyTennessee
66%
CanadaNorth Dakota
61%

Score Distribution

Percentile by Number Answered

Percent of People with Each Score

Your Score History

You have not taken this quiz